书目信息 |
| 题名: |
机电传动控制学习辅导与题解
|
|
| 作者: | 冯清秀 编著 | |
| 分册: | ||
| 出版信息: | 武汉 华中科技大学出版社 2015 |
|
| 页数: | 152页 | |
| 开本: | 23cm | |
| 丛书名: | ||
| 单 册: | ||
| 中图分类: | TM921.5 | |
| 科图分类: | ||
| 主题词: | 电力传动控制设备--教学参考资料--高等学校 | |
| 电子资源: | ||
| ISBN: | 978-7-5609-9761-2 | |
| 000 | 00992nam0 2200253 450 | |
| 001 | 4 | |
| 005 | 20160905103237.90 | |
| 010 | @a978-7-5609-9761-2@dCNY20.00 | |
| 100 | @a20150420d2015 em y0chiy50 ea | |
| 101 | 0 | @achi |
| 102 | @aCN@b420000 | |
| 105 | @ay z 000yy | |
| 200 | 1 | @a机电传动控制学习辅导与题解@9ji dian chuan dong kong zhi xue xi fu dao yu ti jie@f冯清秀[等编著] |
| 205 | @a2版@b修订版 | |
| 210 | @a武汉@c华中科技大学出版社@d2015 | |
| 215 | @a152页@d23cm | |
| 300 | @a21世纪高等学校机械设计制造及其自动化专业参考书 21世纪机械类教材 | |
| 304 | @a编著还有:邓星钟、周祖德、邓坚 | |
| 330 | @a本书教材《机电传动控制》(第五版)的教学辅导书,按照教材的章节,逐一简述应掌握的基本概念和知识、基本要求、重点和难点,同时还对教学方面提出了一些建议。 | |
| 606 | 0 | @a电力传动控制设备@j教学参考资料@x高等学校 |
| 690 | @aTM921.5@v5 | |
| 701 | 0 | @a冯清秀@9feng qing xiu@c(女,@f1957~)@4编著 |
| 801 | 0 | @aCN@b大连网信软件有限公司图书馆·11@c20160905 |
| 905 | @aZUCC@dTM921.5@e122=2 | |
| 机电传动控制学习辅导与题解/冯清秀[等编著].-2版,修订版.-武汉:华中科技大学出版社,2015 |
| 152页;23cm |
| 21世纪高等学校机械设计制造及其自动化专业参考书 21世纪机械类教材 |
| ISBN 978-7-5609-9761-2:CNY20.00 |
| 本书教材《机电传动控制》(第五版)的教学辅导书,按照教材的章节,逐一简述应掌握的基本概念和知识、基本要求、重点和难点,同时还对教学方面提出了一些建议。 |
| ● |
| 相关链接 |
|
|
|
|
正题名:机电传动控制学习辅导与题解
索取号:TM921.5/122=2
 
预约/预借
| 序号 | 登录号 | 条形码 | 馆藏地/架位号 | 状态 | 备注 |
| 1 | 900004 | 209000043 | 第二样本阅览室/ [索取号:TM921.5/122=2] | 在馆 | |
| 2 | 900005 | 209000052 | 密集书库-物理学院/ [索取号:TM921.5/122=2] | 在馆 | |
| 3 | 900006 | 209000061 | 第三借阅区/ [索取号:TM921.5/122=2] | 在馆 | |
| 4 | 900007 | 209000070 | 第三借阅区/ [索取号:TM921.5/122=2] | 在馆 | |
| 5 | 900008 | 209000089 | 第三借阅区/ [索取号:TM921.5/122=2] | 在馆 |